00521nam a22001577a 450000500170000001000150001702000260003203500140005803700130007208200080008510000260009324500580011926000420017727001240021930000200034320190717150118.0 aENG-125977 a9789385958670c899.00 aEN-109509 bDBAD/PUB a954 aRathore, Vikram Singh aMiracles of positive India /cby Vikram Singh Rathore aNew DelhibThe Readers Paradisec2017 a103, 4787/23, Ansari Road, Darya Ganj bNew Delhie110002k011-23246222, 09811197091mthereadersparadisesales@gmail.com a268p.c22cm(Hb)